000 00904cam a22003018i 4500
001 18511961
003 SISC
005 20161123095848.0
008 150302s2015 mau 001 0 eng
010 _a 2015007420
020 _a9781138841666 (pbk)
020 _z9781315732022 (ebk)
040 _aDLC
_beng
_cDLC
_erda
042 _apcc
050 0 0 _aPN 1992.75
_b.M5 2015
082 0 0 _a791.4502/32
100 1 _aOwens, Jim,
_d1957-
245 1 0 _aTelevision production /
_cJim Owens.
250 _a16th edition.
260 _aNY :
_bFocal Press,
_c2015.
263 _a1510
300 _axix, 430 pages :
_billustrations (chiefly color) ;
_c24 cm.
500 _aIncludes index.
650 0 _aTelevision
_xProduction and direction.
906 _a7
_bcbc
_corignew
_d1
_eecip
_f20
_gy-gencatlg
942 _2lcc
_cBK
999 _c305285
_d305285